Normal view
MARC view
Entry Meeting Name
001 - CONTROL NUMBER
- control field: 42977
003 - CONTROL NUMBER IDENTIFIER
- control field: ARRUPE
005 - DATE AND TIME OF LATEST TRANSACTION
- control field: 20181016144602.0
008 - FIXED-LENGTH DATA ELEMENTS
- fixed length control field: 181016|| aca||aabn | a|a d
040 ## - CATALOGING SOURCE
- Original cataloging agency: ARRUPE
- Transcribing agency: ARRUPE
111 ## - HEADING--MEETING NAME
- Meeting name or jurisdiction name as entry element: African Synod
- Date of meeting: (1994 :
- Location of meeting: Rome, Italy)
670 ## - SOURCE DATA FOUND
- Source citation: Work cat.: (ARRUPE)0: Okolo, Chukwudum Barnabas. 42976, The African Synod :, 1994.